| Поле | Инд. | ПП | Название | Значение |
|---|---|---|---|---|
| Тип записи | a | |||
| Библиографический уровень | m | |||
| 001 | Контрольный номер | RU/LIBMSTU/265897991 | ||
| 005 | Дата корректировки | 20171108104150.2 | ||
| 008 | Кодируемые данные | 080609|||||||||ru |||||||||||000|||rus|| | ||
| 020 | a | ISBN | 978-5-7729-0254-7 | |
| c | Цена, тираж | 176-00 | ||
| 040 | b | Код языка каталог. | rus | |
| 041 | 0_ | a | Код языка текста | rus |
| 084 | a | Индекс другой классификации/Индекс ББК | 66.4(0),03 | |
| 090 | a | Полочн. индекс | 66.4 | |
| x | Авторский знак | Г 36 | ||
| 245 | 10 | a | Заглавие | Геополитика |
| b | Продолж. заглавия | учебник | ||
| c | Ответственность | [Абрамова О. Д. и др.] ; под общ. ред. В. А. Михайлова ; Рос. акад. гос. службы при Президенте РФ | ||
| 260 | a | Место издания | Москва | |
| b | Издательство | Изд-во РАГС | ||
| c | Дата издания | 2007 | ||
| 300 | a | Объем | 367 с. | |
| 440 | _0 | a | Серия | Учебники Российской академии государственной службы при Президенте Российской Федерации |
| 500 | a | Примечание | Авт. указаны на обороте тит. л. | |
| 504 | a | Библиография | Библиогр. в тексте | |
| 650 | 04 | a | Основная рубрика | Геополитика-Учебные издания для высших учебных заведений |
| 651 | _4 | a | Географическое наименование | Северный Кавказ |
| 653 | 0_ | a | Ключевые слова | Геополитика |
| a | Ключевые слова | СНГ | ||
| a | Ключевые слова | Содружество Независимых Государств | ||
| 653 | 1_ | a | Ключевые слова | Внешняя политика |
| 653 | 1_ | a | Ключевые слова | Политика |
| 653 | 1_ | a | Ключевые слова | Геоэкономическое пространство |
| 700 | 12 | a | Другие авторы | Михайлов В. А. |
| e | Роль лиц | ред. | ||
| 901 | t | Тип документа | m | |
| 952 | c | Вид литературы | учебник |